Beneficios que aporta la ley 1523 de 2012 sobre la gestión de riesgos y desastres en la población colombiana una revisión de la literatura / (Registro nro. 29500)
[ vista simple ]
| 000 -LEADER | |
|---|---|
| fixed length control field | 02713nam a2200289 i 4500 |
| 005 - DATE AND TIME OF LATEST TRANSACTION | |
| control field | 20250405174607.0 |
| 007 - PHYSICAL DESCRIPTION FIXED FIELD--GENERAL INFORMATION | |
| fixed length control field | ta |
| 008 - FIXED-LENGTH DATA ELEMENTS--GENERAL INFORMATION | |
| fixed length control field | 190415s2024 000 0 eng d |
| 040 ## - CATALOGING SOURCE | |
| Original cataloging agency | CO-CtgCURN |
| Language of cataloging | spa |
| Transcribing agency | coctgcurn |
| Description conventions | rda |
| 082 0# - DEWEY DECIMAL CLASSIFICATION NUMBER | |
| Classification number | APH 2024 |
| Item number | O397 |
| 100 1# - MAIN ENTRY--PERSONAL NAME | |
| Personal name | Ojeda Valverde, Joey Mara, |
| Relator term | author. |
| Relationship | aut |
| 245 10 - TITLE STATEMENT | |
| Title | Beneficios que aporta la ley 1523 de 2012 sobre la gestión de riesgos y desastres en la población colombiana una revisión de la literatura / |
| Statement of responsibility, etc. | Joey María Ojeda Valverde; Melida Yohana Gonzalez Jaimes; asesoras Deisy León Méndez; Viviana Herreran Villalba. |
| 260 ## - PUBLICATION, DISTRIBUTION, ETC. | |
| Place of publication, distribution, etc. | Cartagena de Indias : |
| Name of publisher, distributor, etc. | Corporación Universitaria Rafael Núñez, |
| Date of publication, distribution, etc. | 2024. |
| 300 ## - PHYSICAL DESCRIPTION | |
| Extent | 50 hojas. |
| 336 ## - CONTENT TYPE | |
| Content type term | text |
| Content type code | txt |
| Source | rdacontent |
| 337 ## - MEDIA TYPE | |
| Media type term | unmediated |
| Media type code | n |
| Source | rdamedia |
| 338 ## - CARRIER TYPE | |
| Carrier type term | volume |
| Carrier type code | nc |
| Source | rdacarrier |
| 504 ## - BIBLIOGRAPHY, ETC. NOTE | |
| Bibliography, etc. note | Trabajo de grado (Tecnologo en Atencion Prehospitalaria). Corporación Universitaria Rafael Nuñez. Facultad de Ciencias de la Salud. Tecnologia en Atencion Prehospitalaria, 2024. |
| 520 ## - SUMMARY, ETC. | |
| Summary, etc. | "Este estudio analiza el impacto del nivel de formación en reanimación cardiopulmonar (RCP) en la comunidad del barrio Olaya Herrera, sector El Tancon, en Cartagena de Indias. La RCP, técnica vital en emergencias cardiovasculares, depende del conocimiento y habilidad de los aplicantes. El objetivo fue determinar cmo la formación en RCP influye en la capacidad de respuesta y los resultados en estas situaciones. Se realizó un estudio observacional de corte transversal con 100 participantes, recolectando datos mediante cuestionarios y analizándolos en Microsoft Excel, cumpliendo estándares éticos. Los resultados indican que el 61.4% nunca recibió capacitación en RCP, aunque el 91.1% considera esencial que la comunidad sea entrenada, y el 76.2% expresó interés en formarse. La limitada formación evidencia una brecha en la preparación comunitaria ante emergencias. Se concluye que es fundamental implementar programas educativos accesibles y fomentar la confianza para mejorar la disposición a realizar RCP. La colaboración entre autoridades locales y organizaciones es clave para fortalecer la respuesta ante emergencias y reducir la mortalidad cardiovascular" |
| 650 14 - SUBJECT ADDED ENTRY--TOPICAL TERM | |
| Topical term or geographic name entry element | Atención prehospitalaria |
| Form subdivision | Tesis y disertaciones academicas. |
| 700 1# - ADDED ENTRY--PERSONAL NAME | |
| Personal name | Gonzalez Jaimes, Melida Yohana. |
| 700 1# - ADDED ENTRY--PERSONAL NAME | |
| Personal name | León Méndez, Deisy, |
| Relator term | asesor. |
| 700 1# - ADDED ENTRY--PERSONAL NAME | |
| Personal name | Herreran Villalba, Viviana, |
| Relator term | asesor. |
| 856 ## - ELECTRONIC LOCATION AND ACCESS | |
| Uniform Resource Identifier | <a href="https://unicurn.sharepoint.com/:b:/s/biblioteca/EaryoKEePixNiiZe8q2K30sBUyF0_Rv--BLrLHEqHsIz3w?e=zM7bb6">https://unicurn.sharepoint.com/:b:/s/biblioteca/EaryoKEePixNiiZe8q2K30sBUyF0_Rv--BLrLHEqHsIz3w?e=zM7bb6</a> |
| Public note | Click aqui para ver el recurso en texto completo |
| 942 ## - ADDED ENTRY ELEMENTS (KOHA) | |
| Source of classification or shelving scheme | Dewey Decimal Classification |
| Koha item type | Trabajos de grado |
| Classification part | APH 2024 |
| Item part | S582 |
| Withdrawn status | Lost status | Source of classification or shelving scheme | Damaged status | Not for loan | Collection | Home library | Current library | Shelving location | Date acquired | Source of acquisition | Cost, normal purchase price | Inventory number | Total checkouts | Full call number | Barcode | Date last seen | Price effective from | Koha item type |
|---|---|---|---|---|---|---|---|---|---|---|---|---|---|---|---|---|---|---|
| Dewey Decimal Classification | Trabajos de grado | Miguel Henríquez Emiliani | Miguel Henríquez Emiliani | Trabajo de grado | 06/01/2019 | El autor | 350000.00 | 025424 | APH 2024 V494 | 025424 | 04/05/2025 | 04/05/2025 | Trabajos de grado |